Information Theory (Record no. 544848)

000 -LEADER
fixed length control field 00426nam a22001337a 4500
082 ## - DEWEY DECIMAL CLASSIFICATION NUMBER
Classification number 620.00113
Author Mark RAI
-- L-5, P-8
100 ## - MAIN ENTRY--PERSONAL NAME
Personal name Raisbeck, Gordon
9 (RLIN) 40595
245 ## - TITLE STATEMENT
Title Information Theory
Remainder of title An introduction for scientists and engineers
Statement of responsibility, etc. Gordon Raisbeck
260 ## - PUBLICATION, DISTRIBUTION, ETC.
Place of publication, distribution, etc. USA
Name of publisher, distributor, etc. The Massachusetts Institute of Technology
Date of publication, distribution, etc. 1963
300 ## - PHYSICAL DESCRIPTION
Extent 105.p:
526 ## - STUDY PROGRAM INFORMATION NOTE
Program name 0
Interest level 0
Reading level 0
Title point value 620_001130000000000_RAI
650 ## - SUBJECT ADDED ENTRY--TOPICAL TERM
Topical term or geographic name entry element MCE
9 (RLIN) 379
942 ## - ADDED ENTRY ELEMENTS (KOHA)
Source of classification or shelving scheme
Koha item type Book
Holdings
Withdrawn status Lost status Source of classification or shelving scheme Damaged status Not for loan Permanent Location Current Location Date acquired Total Checkouts Full call number Barcode Date last seen Price effective from Koha item type
          Military College of Engineering (MCE) Military College of Engineering (MCE) 05/12/2014   620.00113 RAI MCE-5087 05/12/2014 05/12/2014 Book
© 2023 Central Library, National University of Sciences and Technology. All Rights Reserved.